Football Clubs Managed by Mark Hughes - Statistics

General Stats
  • This quiz has been taken 199 times
    51 since last reset
  • The average score is 5 of 9
Answer Stats
Years Club % Correct
2013-2018 Stoke City
87%
2008-2009 Manchester City
82%
2004-2008 Blackburn Rovers
67%
1999-2004 Wales
62%
2018 Southampton
58%
2010-2011 Fulham
51%
2012 Queens Park Rangers
47%
2022-2023 Bradford City
42%
2025— Carlisle United
42%
No matching quizzes found
Score Distribution
Percent of People with Each Score
Percentile by Number Answered
Your Score History
You have not taken this quiz since the last reset